00375nam a2200145Ia 4500008004100000041001200041082001700053100002600070245004100096260003300137300001800170300001100188500001000199650002000209231221s9999 xx 000 0 und d aEnglish a658.8 PAR;1 aPartha Sarathy, V ed. 0aRural marketing : concepts and cases c2005bICFAI PressaHyderabad aviii, 204+A15 cIC4774 a72274 aRural,marketing